[Event "Santo Domingo La Raza op"]
[Site "Santo Domingo"]
[Date "2015.10.13"]
[Round "2"]
[White "Steel Stephen, Daniel Alberto"]
[Black "Familia Martinez, Yissel"]
[Result "1-0"]
[WhiteElo "1922"]
[BlackElo "2040"]
[PlyCount "33"]
[EventDate "2015.10.12"]
[EventType "swiss"]
[EventRounds "8"]
[EventCountry "DOM"]
[SourceTitle "CBM 169 Extra"]
[Source "ChessBase"]
[SourceDate "2015.12.18"]
[SourceVersion "1"]
[SourceVersionDate "2015.12.18"]
[SourceQuality "1"]

1. d4 d5 2. c4 e6 3. Nf3 Nd7 4. Nc3 Ngf6 5. Bg5 Bb4 6. Qb3 Bxc3+ 7. Qxc3 0-0 8. e3 c5 9. Bd3 Qe7 10. 0-0 h6 11. Bh4 cxd4 12. exd4 b6 13. cxd5 exd5 14. Rfe1 Qd6 15. Bg3 Ne5 16. dxe5 Qd8 17. exf6 1-0